Substance and function and Einstein's theory of relativity
Uloženo v:
| Hlavní autor: | |
|---|---|
| Médium: | Kniha |
| Jazyk: | angličtina |
| Vydáno: |
Nueva York
Dover
1953
|
| Témata: | |
| Tagy: |
Přidat tag
Žádné tagy, Buďte první, kdo vytvoří štítek k tomuto záznamu!
|
MARC
| LEADER | 00000nam a2200000 a 4500 | ||
|---|---|---|---|
| 001 | UCI0266 | ||
| 003 | CL-VaPUC | ||
| 008 | 070504e19530000US |||||||||||||||||eng|d | ||
| 082 | 0 | 4 | |a 121 |b CAS |2 21 |
| 100 | 0 | |a Cassirier, Ernest |e author |9 520415 | |
| 245 | 1 | 0 | |a Substance and function and Einstein's theory of relativity |
| 300 | |a 465 p | ||
| 942 | |c BK | ||
| 945 | |d 20070504 00:00:00 |a jtorresc | ||
| 260 | |a Nueva York |b Dover |c 1953 | ||
| 600 | 0 | |a Einstein, Albert |e autor |9 266229 | |
| 650 | 0 | |a Relatividad general (Física) |9 338525 | |
| 650 | 0 | |a Teoría de la relatividad |9 266149 | |
| 650 | 7 | |a CONOCIMIENTO |2 CL-VaPUC |9 308991 | |
| 583 | |a last modification |c 20130304 04:44:37 |k Rodrigo Vera | ||
| 999 | |c 325504 |d 325502 | ||
| 952 | |0 0 |1 0 |4 0 |6 121_000000000000000_CAS_1953 |7 0 |8 A |9 406482 |a FDOPOS |b FDOPOS |d 2019-11-22 |i 4274644 |o 121 CAS 1953 |p 4274644 |r 2025-01-22 |w 2019-11-22 |y BK |k MLA | ||
| 952 | |0 0 |1 0 |4 0 |6 121_000000000000000_CAS_1953 |7 0 |8 A |9 406483 |a BIBCUR |b BIBCUR |d 2019-11-22 |i 4649907 |o 121 CAS 1953 |p 4649907 |r 2025-04-22 |w 2019-11-22 |y BK |k FIS | ||